| 000 | 00999cam a22002531 4500 | ||
|---|---|---|---|
| 001 | 000018418 | ||
| 005 | 20200929165512.0 | ||
| 008 | 720724s1958 nyu 000 1 eng | ||
| 010 | _a 58008087 | ||
| 035 | _a(OCoLC)362673 | ||
| 040 |
_aDO-SdBNP _cODaWU _dOCoLC _dCSfNM _dTxU _dDLC |
||
| 050 | 0 | 0 |
_aPZ3.C764 _bTao _aPR6005.O4 |
| 100 | 1 |
_aConrad, Joseph, _d1857-1924. _939877 |
|
| 245 | 1 | 0 |
_aTales of the East and West. / _cEdited and with an introd. by Morton Dauwen Zabel. |
| 250 | _a[1st ed.] | ||
| 260 |
_aGarden City, N.Y., : _bHanover House, _c[1958]. |
||
| 300 |
_a544 p. ; _c22 cm. |
||
| 505 | 0 | _aAlmayer's folly -- Karain : a memory -- The planter of Malata -- An outpost of progress -- Falk -- Prince Roman -- The warrior's soul -- Amy Foster -- The secret agent. | |
| 910 | _aCatalogación por derivada / LC | ||
| 906 |
_a7 _bcbc _coclcrpl _du _encip _f19 _gy-gencatlg |
||
| 985 | _eOCLC REPLACEMENT | ||
| 991 |
_bc-GenColl _hPZ3.C764 _iTao _p00022231637 _tCopy 1 _wOCLCREP |
||
| 999 |
_c17939 _d17939 |
||